LEADER 02024nas a2200421 u 4500 001 000000013250 003 CaOOAMICUS 005 20070226105630.0 008 941215c19229999sp qrzp u0 u spa u 022 $a0210-1610 035 $a10317588 040 $aMnMULS$bita$dCU-UC$dMBTI$dm.c.$dAIP 042 $ansdp 130 0 $aEstudios eclesiásticos$g[Spogli].$0(OLS)http://pul/title/19139 210 0 $aEstud. ecles. 222 00$aEstudios eclesiásticos 245 10$aEstudios eclesiásticos. 260 $a[Madrid :$bSelecciones Graficas, etc.] 362 0 $av. 1- (no. 1- ); 1922- 500 $a"Revista teológica de investigación e información," (varies slightly). 500 $a"Publicado por las facultades de teología de la compañía de Jesús en España." 510 2 $aAmerica, history and life$x0002-7065$b1969- 510 2 $aHistorical abstracts. Part A. Modern history abstracts$x0363-2717$b1969- 510 2 $aHistorical abstracts. Part B. Twentieth century abstracts$x0363-2725$b1969- 510 2 $aNew Testament abstracts$x0028-6877 510 2 $aOld Testament abstracts$x0364-8591 515 $aPublication suspended July 1936-Jan./Mar. 1942. 610 20$aCatholic Church$xPeriodicals.$2//eng$0(OLS)http://pul/subject/4291 650 0$aTheology$xPeriodicals.$2//eng$0(OLS)http://pul/subject/4292 774 0 $tFrancisco Suárez en el centenario de su nacimiento.$dMadrid : Marsiega, 1948.$w()108402 850 $aPUL 852 $aPUL$W1$xDP1 Riviste Correnti$y15$m3-102/DP329.A$j18687$nSE-PRI$bV.7 (1928), v.10(1931), v.12 (1933)-v.14 (1935), v.31 (1957)-$qPeriodici$B18687$CPULBib$Z2$F18687 $82 941 1 $a5 996 $6022$a0210-1610$9(OLS)http://pul/number/16953 996 $6210$aEstud. ecles.$9(OLS)http://pul/title/19140 996 $6222$aEstudios eclesiásticos$9(OLS)http://pul/title/19141 996 $6245$aEstudios eclesiásticos$9(OLS)http://pul/title/19141 996 $6260$a[Madrid :$bSelecciones Graficas, etc.]$9(OLS)http://pul/publisher/53944 LEADER 01981nam a2200337 u 4500 001 000000111493 003 CaOOAMICUS 005 20080507115106.0 008 080507s2007 it u000 u ita u 020 $z978-88-08-04383-2 (v. 1)* 020 $z978-88-08-14384-6 (v. 2)* 040 $aPUL$bita$dLDB 245 03$aIl reato /$copera diretta da Mauro Ronco. 260 $aBologna :$bZanichelli,$cc2007. 300 $a2 v. ;$c24 cm. 490 1 $aCommentario sistematico al Codice penale ;$v02 504 $aBibliografia in nota. 505 0 $av. 1. Struttura del fatto tipico. Presupposti oggettivi e soggettivi dell'imputazione penale. Il requisito dell'offensività del fatto / opera diretta da Mauro Ronco, con la collaborazione di Salvatore Ardizzone ... [et al.]. -- v. 2. Cause di esclusione del reato e della pena. Forme di manifestazione e concorso di reati / opera diretta da Mauro Ronco, con la collaborazione di Alessandro Apostoli Capello ... [et al.]. 630 04$aCodice penale$zItalia.$0(OLS)http://pul/subject/12325 700 1 $aRonco, Mauro.$0(OLS)http://pul/name/66104 700 1 $aApostoli Capello, Alessandro.$0(OLS)http://pul/name/68501 700 1 $aArdizzone, Salvatore.$0(OLS)http://pul/name/66105 830 0$aCommentario sistematico al Codice penale ;$v02.$0(OLS)http://pul/title/140216 850 $aPUL 852 $aPUL$W1$xSL Diritto e Scienze Sociali 3$y79$m345. 45 RONMA 1.2,1$j127801$av. 1$qDDC 21$B126506$CPULBib$Z2$F126506 $H107103 $82 852 $aPUL$W1$xSL Diritto e Scienze Sociali 3$y79$m345. 45 RONMA 1.2,2$j127802$av. 2$qDDC 21$B126507$CPULBib$Z2$F126507 $H107104 $82 941 1 $a9 996 $6020$z978-88-08-04383-2 (v. 1)*$9(OLS)http://pul/number/137970 996 $6020$z978-88-08-14384-6 (v. 2)*$9(OLS)http://pul/number/137971 996 $6245$aIl reato$9(OLS)http://pul/title/140218 996 $6260$aBologna :$bZanichelli$9(OLS)http://pul/publisher/48255